| 000 | 01791cam a2200445 a 4500 | ||
|---|---|---|---|
| 999 |
_c679 _d679 |
||
| 001 | 18977988 | ||
| 003 | OSt | ||
| 005 | 20191014151311.0 | ||
| 008 | 160217s2009 enkab j 001 0 eng | ||
| 010 | _a 2015509370 | ||
| 015 |
_aGBA917361 _2bnb |
||
| 016 | 7 |
_a014909048 _2Uk |
|
| 020 |
_a9780439944595 _q(pbk.) |
||
| 020 |
_a0439944597 _q(pbk.) |
||
| 020 |
_a9781407135182 _cbox set |
||
| 035 | _a(OCoLC)ocn310155165 | ||
| 040 |
_aUKM _beng _cUKM _dBTCTA _dYDXCP _dOCLCF _dOCLCO _dNZGOP _dOCLCQ _dDLC |
||
| 042 | _alccopycat | ||
| 082 | 0 | 4 |
_a551.432 GAN _222 |
| 100 | 1 |
_aGaneri, Anita, _d1961- _eauthor |
|
| 245 | 1 | 0 |
_aFreaky peaks / _cAnita Ganeri ; illustrated by Mike Phillips. |
| 260 |
_aLondon ; _aNew York : _bScholastic, _c2009. |
||
| 300 |
_a128 pages : _billustrations, maps ; _c20 cm. |
||
| 336 |
_atext _btxt _2rdacontent |
||
| 337 |
_aunmediated _bn _2rdamedia |
||
| 338 |
_avolume _bnc _2rdacarrier |
||
| 440 | _aHorrible geography. | ||
| 500 | _aPrevious edition: London: Hippo, 2001. | ||
| 500 | _aIncludes index. | ||
| 520 | _aTaking you on a thrilling mountain tour from Everest to Kilimanjaro, this book tells you about the intrepid explorers who conquered the world's highest mountains; explains how mountains are formed, and shows how a giant glacier carves out a path down a mountain. | ||
| 650 | 0 |
_aMountains _vJuvenile literature. |
|
| 650 | 0 |
_aMountaineering expeditions _vJuvenile literature. |
|
| 650 | 7 |
_aMountaineering expeditions. _2fast _0(OCoLC)fst01028355 |
|
| 650 | 7 |
_aMountains. _2fast _0(OCoLC)fst01028366 |
|
| 655 | 7 |
_aJuvenile works. _2fast _0(OCoLC)fst01411637 |
|
| 700 | 1 |
_aPhillips, Mike, _d1961- _eIllustrator |
|
| 906 |
_a7 _bcbc _ccopycat _d2 _encip _f20 _gy-gencatlg |
||
| 942 |
_2ddc _cNFIC |
||